000 00717nam a2200217 a 4500
001 000046820
005 20250402142400.0
008 090903s2015 dr 000 0 spa d
040 _aDO-SdBNP
_bspa
_cBNPHU
082 _a461
_bM971c
100 1 _aMuñoz Pineda, Yonni
_d1964-
_942962
245 1 0 _aComunicación lingüística y redacción /
_cYonni Muñoz Pineda.
260 _aSanto Domingo, :
_bBúho,
_c2015.
300 _a204p. ;
_c21 cm.
504 _aBibliografías p: 201-204
590 _aInventariado, 2018 / YL
650 4 _aEspañol
_xGramática
_xEnseñanza básica
_919095
650 4 _aLinguística
_91604
650 4 _aEspañol
_xRedacción
_xEnseñanaza
_919096
650 0 _aComunicación escrita
_99407
999 _c46309
_d46309